La construcción significativa del mundo social: introducción a la sociología comprensiva

Guardat en:
Dades bibliogràfiques
Autor principal: Schütz, Alfred (Autor)
Format: Llibre
Idioma:espanyol
Publicat: Barcelona Paidós 1993
Col·lecció:Paidós Básica, 67
Matèries:
Etiquetes: Afegir etiqueta
Sense etiquetes, Sigues el primer a etiquetar aquest registre!

MARC

LEADER 00000nam a2200000 a 4500
001 UCN3409
003 CL-VaPUC
008 010622e19930000SP |||||||||||||||||spa|d
082 0 4 |a 302  |b SCH  |2 21 
100 0 |a Schütz, Alfred  |e author  |9 368205 
245 1 3 |a La construcción significativa del mundo social: introducción a la sociología comprensiva 
300 |a 279 p 
942 |c BK 
945 |d 20010622 00:00:00  |a vberengu 
260 |a Barcelona  |b Paidós  |c 1993 
600 0 |a Weber, Max  |d 1864-1920  |9 459951 
650 0 |a Sociología   |9 255410 
650 0 |a Psicología social   |9 222894 
583 |a last modification  |c 20010622 00:00:00  |k Rodrigo Vera 
490 0 |a Paidós Básica, 67 
999 |c 296314  |d 296312 
952 |0 0  |1 0  |4 0  |6 302_000000000000000_SCH_1993  |7 0  |8 A  |9 349997  |a BIBGIM  |b BIBGIM  |d 2019-11-20  |i 3735443  |l 1  |o 302 SCH 1993  |p 3735443  |r 2025-01-15  |s 2022-06-09  |w 2019-11-20  |y BK  |k SSL